000 00236nam a22001217a 4500
041 _aENG
100 _aLeidner.J
245 _aPlastics Waste
260 _aNew York
_bMarcel Dakker
_c1995
300 _a317
650 _aFS
856 _uFS
999 _c829
_d829